[Event "ENHM/BME"]
[Site "?"]
[Date "2014.10.12"]
[Round "1"]
[White "Robert-Dehault, Etienne"]
[Black "Georges, Mickael"]
[Result "1/2-1/2"]
[WhiteElo "1884"]
[BlackElo "1965"]
[PlyCount "148"]
[EventDate "2014.10.15"]
[SourceDate "2014.10.16"]

1. d4 Nf6 2. Nf3 e6 3. c4 b6 4. a3 a5 5. Nc3 d5 6. cxd5 exd5 7. Bg5 Be7 8. e3
O-O 9. Bd3 Bb7 10. O-O Nbd7 11. Rc1 c5 12. Bb1 Ba6 13. Re1 c4 14. Ne5 Qc7 15.
Nxd7 Qxd7 16. Qc2 g6 17. Qe2 Rad8 18. Qf3 Kg7 19. Qf4 Rfe8 20. Qh4 b5 21. Bc2
Bb7 22. f4 Bc6 23. Na2 Ra8 24. f5 Ng8 25. Bxe7 Qxe7 26. Qxe7 Rxe7 27. fxg6 fxg6
28. Re2 Rae8 29. Rce1 Nf6 30. Nc3 b4 31. axb4 axb4 32. Nd1 Ng8 33. h3 Nf6 34.
Rf2 Ne4 35. Bxe4 Rxe4 36. Ref1 Ba4 37. Rf7+ Kg8 38. Rb7 Bxd1 39. Rxd1 Rxe3 40.
Rxb4 Re1+ 41. Rxe1 Rxe1+ 42. Kf2 Re4 43. Rb8+ Kg7 44. Rb7+ Kh6 45. Rd7 Rxd4 46.
Ke2 g5 47. Ke3 Rd3+ 48. Ke2 Rb3 49. Rxd5 Rxb2+ 50. Kf3 c3 51. Rc5 c2 52. Kg4
c1=Q 53. Rxc1 Rxg2+ 54. Kf3 Ra2 55. Rc3 Kh5 56. Kg3 Ra4 57. Rb3 Kg6 58. Rb6+
Kh5 59. Rb3 Ra5 60. Rc3 Ra1 61. Rb3 Rg1+ 62. Kh2 Rf1 63. Kg3 Rf4 64. Ra3 Re4
65. Rb3 Re6 66. Ra3 h6 67. Rb3 Re4 68. Ra3 Rh4 69. Rb3 Kg6 70. Rb6+ Kf5 71.
Rb5+ Ke6 72. Rb6+ Kd5 73. Rg6 Ke5 74. Ra6 Kf5 1/2-1/2

[Event "ENHM/BME"]
[Site "?"]
[Date "2014.10.12"]
[Round "1"]
[White "Delmont, Jean-Robert"]
[Black "Talbot, Rémi"]
[Result "1/2-1/2"]
[WhiteElo "1970"]
[BlackElo "1770"]
[PlyCount "118"]
[EventDate "2014.10.15"]
[SourceDate "2014.10.16"]

1. d4 Nf6 2. c4 g6 3. Nc3 Bg7 4. e4 d6 5. f3 O-O 6. Be3 Nc6 7. Nge2 e5 8. Qd2
Nh5 9. Rd1 f5 10. exf5 Bxf5 11. g4 Bxg4 12. Bg5 Bf6 13. h4 Bxg5 14. hxg5 Bxf3
15. Rg1 Nf4 16. dxe5 Nxe2 17. Bxe2 Bxe2 18. Nxe2 Nxe5 19. Qd5+ Kh8 20. Nd4 Qe7
21. Kd2 c6 22. Qe6 Qxe6 23. Nxe6 Nf3+ 24. Kc3 Nxg1 25. Nxf8 Ne2+ 26. Kd2 Rxf8
27. Kxe2 Rd8 28. Kd3 d5 29. c5 Rd7 30. Re1 Kg7 31. b4 h6 32. gxh6+ Kxh6 33. Re6
Kh5 34. Rd6 Rc7 35. a4 g5 36. Kd4 g4 37. b5 g3 38. Rd8 Rg7 39. Rh8+ Kg4 40. Rh1
g2 41. Rg1 Kg3 42. a5 Rg4+ 43. Ke5 Kh2 44. Rxg2+ Kxg2 45. a6 cxb5 46. axb7 Rg8
47. c6 Rb8 48. Kxd5 b4 49. Kc4 a5 50. Kb3 Kf3 51. Ka4 Ke4 52. Kxa5 b3 53. c7
Rxb7 54. c8=Q Ra7+ 55. Kb4 b2 56. Qc2+ Ke3 57. Qb1 Ra8 58. Kc3 Rc8+ 59. Kb3 Ra8
1/2-1/2

[Event "ENHM/BME"]
[Site "?"]
[Date "2014.10.12"]
[Round "1"]
[White "Fister, Bernard"]
[Black "Barreaud, S."]
[Result "1/2-1/2"]
[WhiteElo "1520"]
[BlackElo "1802"]
[PlyCount "91"]
[EventDate "2014.10.15"]
[SourceDate "2014.10.16"]

1. f4 d5 2. Nf3 g6 3. e3 Bg7 4. Be2 Nf6 5. b3 O-O 6. Bb2 c5 7. O-O Nc6 8. Ne5
Ne8 9. Nxc6 bxc6 10. Bxg7 Nxg7 11. Bf3 Qd6 12. Nc3 e6 13. Qe1 Ba6 14. Be2 Bxe2
15. Qxe2 Rfe8 16. Qf3 f5 17. Rad1 e5 18. fxe5 Rxe5 19. Ne2 Rae8 20. Nf4 Ne6 21.
h4 Nxf4 22. Qxf4 Qf6 23. c3 Re4 24. Qg5 Qxg5 25. hxg5 Rg4 26. Rf4 Re4 27. Rdf1
Rxg5 28. Rxe4 fxe4 29. Rf6 d4 30. Rxc6 dxe3 31. dxe3 Rd5 32. Re6 Rd3 33. Rxe4
Rxc3 34. Kh2 Rc2 35. Ra4 h5 36. Kg3 g5 37. Kf3 Kf7 38. Rxa7+ Kf6 39. e4 Rc3+
40. Kf2 Ke5 41. Re7+ Kf4 42. e5 Rc2+ 43. Kf1 Rxa2 44. Rc7 Kxe5 45. Rxc5+ Kf4
46. Rc4+ 1/2-1/2

[Event "ENHM/BME"]
[Site "?"]
[Date "2014.10.12"]
[Round "1"]
[White "Vega, E."]
[Black "Akremann, Jordan"]
[Result "1-0"]
[WhiteElo "1736"]
[BlackElo "1550"]
[PlyCount "89"]
[EventDate "2014.10.15"]
[SourceDate "2014.10.16"]

1. e4 e5 2. Nf3 Nc6 3. Bb5 a6 4. Ba4 Nf6 5. O-O Be7 6. Re1 O-O 7. c3 b5 8. Bc2
d5 9. exd5 Qxd5 10. h3 Bb7 11. Bb3 Qd6 12. d4 exd4 13. Nxd4 Rfe8 14. Be3 Na5
15. Bc2 Rad8 16. Na3 Nd5 17. Nf5 Qd7 18. Qg4 Bf6 19. Bg5 Qc6 20. Nh6+ Kf8 21.
Nf5 Bxg5 22. Qxg5 Qf6 23. Qg4 Bc8 24. Rxe8+ Rxe8 25. Qf3 Bb7 26. Qg3 Re5 27.
Ne3 Nf4 28. Ng4 Ne2+ 29. Kh2 Nxg3 30. Nxf6 gxf6 31. Kxg3 Rg5+ 32. Kf4 Rxg2 33.
f3 Rh2 34. Kg3 Re2 35. b4 Nc4 36. Nxc4 Rxc2 37. Na5 Bd5 38. Rd1 c6 39. Rd3 Rxa2
40. Nb7 Re2 41. Nc5 Ra2 42. Nd7+ Kg7 43. Rd4 Ra3 44. Rg4+ Kh8 45. Nxf6 1-0

[Event "St Dizier / Bme"]
[Site "?"]
[Date "2014.12.12"]
[Round "1"]
[White "Laurain"]
[Black "Hacene, Ahmed"]
[Result "1/2-1/2"]
[WhiteElo "1550"]
[BlackElo "1763"]
[PlyCount "73"]
[EventDate "2014.10.17"]
[SourceDate "2014.12.12"]

1. Nf3 d5 2. b3 Nf6 3. Bb2 c5 4. e3 Nc6 5. c4 Bg4 6. Be2 e6 7. O-O Be7 8. d4
O-O 9. Nc3 cxd4 10. Nxd4 Bxe2 11. Ncxe2 Qb6 12. cxd5 Nxd5 13. Rc1 Rad8 14. Nxc6
bxc6 15. Qd4 Qxd4 16. Bxd4 Nb4 17. a3 Nd3 18. Rxc6 Bxa3 19. Bxa7 e5 20. e4 Rd7
21. Be3 Rb8 22. b4 Bxb4 23. Rb1 Rdd8 24. Ng3 g6 25. Rb6 Rxb6 26. Bxb6 Rc8 27.
Rd1 Nf4 28. Rd8+ Rxd8 29. Bxd8 Bc5 30. Kf1 h5 31. f3 Kg7 32. Bc7 f6 33. Ne2 g5
34. Nxf4 gxf4 35. h3 Kg6 36. Ke2 Be3 37. Kd3 1/2-1/2

[Event "N4 Rethel / Blagny"]
[Site "?"]
[Date "2014.11.16"]
[Round "2.3"]
[White "Gerardin, David"]
[Black "Glod, Philippe"]
[Result "1/2-1/2"]
[WhiteElo "1758"]
[BlackElo "1920"]
[PlyCount "77"]
[EventDate "2014.11.16"]
[SourceDate "2014.11.16"]

1. e4 c5 2. Nf3 d6 3. d4 cxd4 4. Nxd4 Nf6 5. Nc3 Nc6 6. Be3 Ng4 7. Qd2 Nxe3 8.
Qxe3 Qb6 9. O-O-O Nxd4 10. Qxd4 Qxd4 11. Rxd4 Bd7 12. Bc4 g6 13. Rd3 Bg7 14.
Bb5 Bxb5 15. Nxb5 O-O 16. h4 h5 17. Nc7 Rac8 18. Nd5 Rfe8 19. Rhd1 Rc4 20. f3
Kf8 21. Kb1 Rec8 22. Ne3 R4c6 23. c3 Be5 24. Nf1 b5 25. g3 Rb6 26. f4 Bf6 27.
Ne3 b4 28. c4 a5 29. Rc1 Rbc6 30. Rcd1 Ke8 31. Rd5 Ra8 32. Rc1 e6 33. Rd3 Ke7
34. Rcd1 Ra7 35. Rc1 a4 36. Rcd1 Rb7 37. Rc1 a3 38. b3 Rb8 39. Rcd1 1/2-1/2

[Event "N4 Rethel / Blagny"]
[Site "?"]
[Date "2014.11.16"]
[Round "2.4"]
[White "Hanot, Wilfried"]
[Black "Monceau, Etienne"]
[Result "1/2-1/2"]
[WhiteElo "1811"]
[BlackElo "1726"]
[PlyCount "87"]
[EventDate "2014.11.16"]
[SourceDate "2014.11.16"]

1. b4 Nf6 2. Bb2 d5 3. g3 Bf5 4. Bg2 c6 5. d3 Nbd7 6. Nd2 e5 7. a3 Qc7 8. Ngf3
Bd6 9. O-O O-O 10. c4 Rfe8 11. c5 Bf8 12. Nh4 Be6 13. e4 g6 14. d4 Nxe4 15.
Nxe4 dxe4 16. Bxe4 f5 17. Bc2 Rad8 18. Bb3 Bg7 19. Nf3 Nf6 20. Bxe6+ Rxe6 21.
Qb3 Nd5 22. dxe5 Kf8 23. Ng5 Re7 24. f4 h6 25. Nf3 a6 26. Rfd1 Qc8 27. h4 Qe6
28. Rd3 Rc8 29. Rad1 Nc7 30. Qxe6 Nxe6 31. Rd6 h5 32. Ng5 Rce8 33. Nxe6+ Rxe6
34. Kf2 Kf7 35. Rd7+ R8e7 36. R1d6 Bf8 37. Rxe7+ Kxe7 38. Ke3 Kf7 39. Rd8 Re8
40. e6+ Rxe6+ 41. Be5 Re8 42. Rd7+ Re7 43. Rxe7+ Bxe7 44. Kd4 1/2-1/2

[Event "N4 Rethel / Blagny"]
[Site "?"]
[Date "2014.11.16"]
[Round "2.6"]
[White "Baret, Benoit"]
[Black "Lhoest, Alain"]
[Result "0-1"]
[WhiteElo "1695"]
[BlackElo "1625"]
[PlyCount "53"]
[EventDate "2014.11.16"]
[SourceDate "2014.11.16"]

1. d4 Nf6 2. c4 e6 3. Nc3 Bb4 4. Bd2 c5 5. e3 O-O 6. Nf3 b6 7. Bd3 Bb7 8. O-O
d5 9. b3 Nc6 10. Qc2 dxc4 11. Bxc4 cxd4 12. Ne4 dxe3 13. Bxe3 Be7 14. Rad1 Qc7
15. Nxf6+ Bxf6 16. Bg5 Nb4 17. Qd2 Bxg5 18. Nxg5 Qe7 19. a4 Rad8 20. Qf4 h6 21.
Nf3 Bd5 22. Rfe1 Qc5 23. Rc1 Na2 24. Rc2 Nb4 25. Rcc1 Qe7 26. h3 Bxc4 27. bxc4
0-1

[Event "N4 Rethel / Blagny"]
[Site "?"]
[Date "2014.11.16"]
[Round "2.5"]
[White "Biniaux, Michael"]
[Black "Fourcart, Marc"]
[Result "1-0"]
[WhiteElo "1723"]
[BlackElo "1729"]
[PlyCount "73"]
[EventDate "2014.11.16"]
[SourceDate "2014.11.16"]

1. d4 f5 2. c4 Nf6 3. Nc3 g6 4. Nf3 Bg7 5. Qc2 O-O 6. e4 d6 7. Bd3 fxe4 8. Nxe4
d5 9. Nxf6+ exf6 10. O-O f5 11. Bg5 Bf6 12. Bxf6 Qxf6 13. cxd5 c6 14. Qb3 Kh8
15. a4 cxd5 16. Qxd5 Nc6 17. Qc4 Bd7 18. d5 Ne7 19. Qb3 b6 20. Rac1 Rac8 21.
Rc3 Qd6 22. Bc4 Rc5 23. Rd1 Rfc8 24. Ng5 Qf6 25. Ne6 Ra5 26. Bb5 Rxc3 27. bxc3
Bxb5 28. axb5 Nc8 29. Qc4 Nd6 30. Qc7 Ne8 31. Qd7 h5 32. Qxe8+ Kh7 33. d6 Qxc3
34. Ng5+ Kh6 35. Nf7+ Kh7 36. Qf8 Qd4 37. Ng5# 1-0

[Event "N4 Rethel / Blagny"]
[Site "?"]
[Date "2014.11.16"]
[Round "2.8"]
[White "Chebridon, Jean Louis"]
[Black "Pierlot, Aurore"]
[Result "1-0"]
[WhiteElo "1499"]
[BlackElo "1510"]
[PlyCount "39"]
[EventDate "2014.11.16"]
[SourceDate "2014.11.16"]

1. b3 e5 2. Bb2 Nc6 3. e3 d5 4. Bb5 Nge7 5. Bxe5 Bd7 6. Bb2 a6 7. Be2 Bf5 8.
Nf3 Nb4 9. d3 Ng6 10. O-O Qd6 11. Nbd2 O-O-O 12. a3 Nc6 13. d4 h5 14. c4 h4 15.
cxd5 Qxd5 16. Bc4 Qd7 17. Ng5 Be6 18. Nxe6 fxe6 19. Qg4 e5 20. Be6 1-0

[Event "N4 Rethel / Blagny"]
[Site "?"]
[Date "2014.11.16"]
[Round "2.1"]
[White "Sohier, Renaud"]
[Black "Monaville, Guy"]
[Result "1-0"]
[WhiteElo "2034"]
[BlackElo "2106"]
[PlyCount "57"]
[EventDate "2014.11.16"]
[SourceDate "2014.11.16"]

1. d4 d5 2. c4 Nc6 3. g3 dxc4 4. Nf3 Bg4 5. Bg2 e5 6. Qa4 Qd7 7. Qxc4 Bb4+ 8.
Bd2 Bxd2+ 9. Nbxd2 exd4 10. Ng5 Ne5 11. Qb3 c6 12. Nde4 Nh6 13. f4 Ng6 14. h3
Bf5 15. Qxb7 O-O 16. Qxd7 Bxd7 17. Nc5 Be8 18. Kf2 Nf5 19. Rhd1 Rb8 20. b3 Ne3
21. Rd2 h6 22. Nf3 Ne7 23. Nxd4 Nxg2 24. Kxg2 Nd5 25. Rc1 a5 26. e4 Nf6 27. Rc4
Rb4 28. Rxb4 axb4 29. Nc2 1-0

[Event "N4 Rethel / Blagny"]
[Site "?"]
[Date "2014.11.16"]
[Round "2.2"]
[White "Salentiny, Eric"]
[Black "Audino, Marco"]
[Result "1-0"]
[WhiteElo "1963"]
[BlackElo "1771"]
[PlyCount "67"]
[EventDate "2014.11.16"]
[SourceDate "2014.11.16"]

1. e4 e5 2. f4 d5 3. exd5 e4 4. Nc3 Nf6 5. d3 Bb4 6. Bd2 O-O 7. Nxe4 Nxd5 8.
Bxb4 Nxb4 9. Qd2 N8c6 10. Nf3 f5 11. Nc3 Re8+ 12. Be2 Nd4 13. Nxd4 Qxd4 14.
O-O-O Bd7 15. a3 Nd5 16. Nxd5 Qxd5 17. Bf3 Qb5 18. Rhe1 Bc6 19. Bxc6 Qxc6 20.
Re5 Rxe5 21. fxe5 Qd5 22. d4 Rd8 23. Kb1 c5 24. c3 b5 25. Kc1 Qa2 26. Qg5 Rf8
27. dxc5 Qc4 28. Qe3 f4 29. Qd4 Qe2 30. Qd5+ Kh8 31. c6 Qe3+ 32. Kb1 Qb6 33. e6
a5 34. e7 1-0

[Event "N4 Rethel / Blagny"]
[Site "?"]
[Date "2014.11.16"]
[Round "2.7"]
[White "Noizet, Régis"]
[Black "Fourcart, Corinne"]
[Result "1-0"]
[WhiteElo "1607"]
[BlackElo "1399"]
[PlyCount "50"]
[EventDate "2014.11.16"]
[SourceDate "2014.11.16"]

1. d4 d6 2. e4 Nf6 3. Nc3 g6 4. Be3 Bg7 5. f3 O-O 6. h4 c5 7. d5 Qa5 8. Qd2
Nbd7 9. Nb5 Qb6 10. a4 a6 11. a5 Qd8 12. Nc3 e6 13. dxe6 fxe6 14. Qxd6 e5 15.
Bc4+ Kh8 16. Nge2 Nh5 17. Bxc5 Nxc5 18. Qxc5 Bd7 19. O-O-O Bh6+ 20. Kb1 Nf4 21.
Qxe5+ Bg7 22. Qd6 Ne6 23. Qxd7 Nc5 24. Qd5 Qc8 25. h5 gxh5 1-0

[Event "N4 Epernay 1  Echiquier Aubois 1"]
[Site "?"]
[Date "2014.11.16"]
[Round "2"]
[White "Hascher, Nicolas"]
[Black "Leroy, Patrick"]
[Result "1/2-1/2"]
[WhiteElo "1949"]
[BlackElo "1800"]
[PlyCount "93"]
[EventDate "2012.10.14"]
[SourceDate "2014.11.16"]

1. d4 e6 2. Nf3 Nf6 3. c4 b6 4. Nc3 Bb7 5. Bg5 Be7 6. e3 d5 7. Rc1 O-O 8. Bxf6
Bxf6 9. cxd5 exd5 10. b4 Nd7 11. Na4 Be7 12. Qb3 Nf6 13. Ne5 Qd6 14. Nc5 Bc8
15. Ncd3 Bb7 16. Be2 a5 17. b5 Rac8 18. Nc6 Bxc6 19. Rxc6 Qa3 20. Qxa3 Bxa3 21.
O-O Rfd8 22. Rd1 Rd6 23. Ne5 Rxc6 24. Nxc6 Kf8 25. Rd3 Bd6 26. Bd1 h6 27. Bb3
Re8 28. f3 Rc8 29. g3 g5 30. g4 Re8 31. Kg2 Kg7 32. h3 Kf8 33. Kf2 Kg7 34. Rd1
Kf8 35. Rh1 Kg7 36. Bc2 Rh8 37. Bf5 Re8 38. a4 Rh8 39. e4 dxe4 40. fxe4 Bf4 41.
Kf3 Re8 42. Rd1 Kf8 43. Rd3 Bh2 44. d5 Bf4 45. Nd4 Bd6 46. Nc2 Bf4 47. Ne3
1/2-1/2

[Event "N4 Epernay 1  Echiquier Aubois 1"]
[Site "?"]
[Date "2014.11.16"]
[Round "2"]
[White "Guerin a, Antonin"]
[Black "Marchal, Ludovic"]
[Result "1/2-1/2"]
[WhiteElo "1690"]
[BlackElo "1670"]
[PlyCount "75"]
[EventDate "2012.10.14"]
[SourceDate "2014.11.16"]

1. d4 Nf6 2. Nf3 g6 3. c4 Bg7 4. Nc3 O-O 5. e4 d6 6. Be2 e5 7. d5 a5 8. O-O Na6
9. Qc2 h6 10. a3 Nc5 11. Be3 b6 12. b4 axb4 13. axb4 Rxa1 14. Rxa1 Ncd7 15. Ra7
Ng4 16. Bd2 f5 17. Nb5 Ndf6 18. h3 fxe4 19. hxg4 exf3 20. Bxf3 Nxg4 21. Bxg4
Bxg4 22. Qxg6 Bf5 23. Qg3 Rf7 24. Bxh6 Qf6 25. Ra8+ Kh7 26. Bxg7 Rxg7 27. Qh2+
Kg6 28. Qg3+ Kf7 29. Qf3 e4 30. Qh5+ Bg6 31. Qe2 Qg5 32. Ra7 Kf6 33. Rxc7 Bf7
34. f3 Qc1+ 35. Qf1 Qe3+ 36. Qf2 Qc1+ 37. Qf1 Qe3+ 38. Qf2 1/2-1/2

[Event "N4 Epernay 1  Echiquier Aubois 1"]
[Site "?"]
[Date "2014.11.16"]
[Round "2"]
[White "Prost, Catherine"]
[Black "Delikaya, Yahya"]
[Result "1-0"]
[WhiteElo "1290"]
[BlackElo "1330"]
[PlyCount "121"]
[EventDate "2012.10.14"]
[SourceDate "2014.11.16"]

1. Nf3 Nc6 2. b3 e5 3. Bb2 Bd6 4. e3 Nf6 5. Bb5 a6 6. Bxc6 bxc6 7. Nxe5 Qe7 8.
f4 Bc5 9. O-O d6 10. Nc4 O-O 11. Qf3 d5 12. Ne5 Qd6 13. d4 Bb6 14. Nd2 c5 15.
c3 a5 16. a4 Bb7 17. Ba3 Ba6 18. Rfc1 Qe6 19. dxc5 Ba7 20. c6 Rfd8 21. Kh1 Rab8
22. Rab1 Re8 23. b4 axb4 24. cxb4 h6 25. b5 Bc8 26. Re1 Rd8 27. Bb2 Qf5 28. Ba3
Be6 29. Be7 Re8 30. Bxf6 Qxf6 31. Nf1 Bf5 32. Ra1 d4 33. exd4 Bxd4 34. Rad1
Bxe5 35. Rxe5 Rxe5 36. fxe5 Qxe5 37. Qg3 Qe4 38. Ra1 Rd8 39. Qf3 Qe5 40. Rd1
Ra8 41. Qb3 Qe2 42. Qf3 Qc2 43. Ne3 Qxa4 44. Nxf5 Re8 45. Qd5 Qb4 46. h3 Re5
47. Qxe5 f6 48. Qxc7 Kf8 49. Qe7+ Qxe7 50. Nxe7 Kxe7 51. c7 Ke6 52. c8=Q+ Ke5
53. Qe8+ Kf4 54. Rf1+ Kg5 55. b6 g6 56. Qb5+ Kh4 57. Rf4+ Kg3 58. Rxf6 g5 59.
Qe5+ Kh4 60. Kh2 g4 61. Rxh6# 1-0

[Event "N4 Epernay 1  Echiquier Aubois 1"]
[Site "?"]
[Date "2014.11.16"]
[Round "2"]
[White "Robert, Guillaume"]
[Black "Guillaume, Jean-Francois"]
[Result "0-1"]
[WhiteElo "1610"]
[BlackElo "1810"]
[PlyCount "62"]
[EventDate "2012.10.14"]
[SourceDate "2014.11.16"]

1. d4 Nc6 2. Nf3 d6 3. e3 g6 4. Be2 Bg7 5. c3 Nf6 6. O-O O-O 7. b3 e5 8. d5 Ne7
9. c4 Ne8 10. e4 h6 11. Qc2 f5 12. Bd3 f4 13. Bb2 g5 14. h3 Ng6 15. Nh2 f3 16.
Ng4 fxg2 17. Kxg2 h5 18. Ne3 Nf4+ 19. Kh2 g4 20. Kg3 gxh3 21. Kh2 Qh4 22. f3
Ng2 23. Nxg2 hxg2+ 24. Kxg2 Bh3+ 25. Kg1 Qg3+ 26. Kh1 Bxf1 27. Bxf1 Rf4 28. Bg2
Bh6 29. Nd2 Rh4+ 30. Kg1 Be3+ 31. Kf1 Qf2# 0-1

[Event "N4 Epernay 1  Echiquier Aubois 1"]
[Site "?"]
[Date "2014.11.16"]
[Round "2"]
[White "Moine, Patrick"]
[Black "Tatard, Marie"]
[Result "0-1"]
[WhiteElo "1848"]
[BlackElo "1839"]
[PlyCount "90"]
[EventDate "2012.10.14"]
[SourceDate "2014.11.16"]

1. d4 Nf6 2. c4 g6 3. Nc3 Bg7 4. Nf3 O-O 5. Bg5 d6 6. h3 c5 7. d5 h6 8. Bd2 a6
9. e4 Nbd7 10. Bd3 Re8 11. O-O Nf8 12. Qc1 Kh7 13. e5 N6d7 14. exd6 exd6 15.
Qc2 Ne5 16. Nxe5 Bxe5 17. f4 Bd4+ 18. Kh2 Kg7 19. Rf3 f5 20. Raf1 h5 21. Rg3 h4
22. Rgf3 Nh7 23. g3 Nf6 24. Ne2 Ne4 25. Nxd4 hxg3+ 26. Kg2 cxd4 27. Bxe4 fxe4
28. Rxg3 Bf5 29. Bc1 Kf7 30. Qb3 Qc7 31. Re1 Rab8 32. Bd2 b5 33. Rc1 bxc4 34.
Rxc4 Qa7 35. Qa3 Qb6 36. Rb4 Qc5 37. Qb3 Rbc8 38. Rb7+ Kg8 39. h4 e3 40. Be1
Qc2+ 41. Qxc2 Rxc2+ 42. Kf3 d3 43. h5 d2 44. Ke2 d1=Q+ 45. Kxd1 e2# 0-1

[Event "N4 Epernay 1  Echiquier Aubois 1"]
[Site "?"]
[Date "2014.11.16"]
[Round "2"]
[White "Puech, Armel"]
[Black "Ferrand, Christophe"]
[Result "1-0"]
[WhiteElo "1824"]
[BlackElo "1897"]
[PlyCount "37"]
[EventDate "2012.10.14"]
[SourceDate "2014.11.16"]

1. e4 e6 2. d4 d5 3. e5 c5 4. c3 Nc6 5. Nf3 cxd4 6. cxd4 Nge7 7. Be2 Nf5 8. b3
Qb6 9. Bb2 Bb4+ 10. Kf1 O-O 11. g4 Nh6 12. Bc1 f6 13. Bxh6 gxh6 14. exf6 Rxf6
15. g5 hxg5 16. Rg1 Kh8 17. Qd3 Rf5 18. Nxg5 Qxd4 19. Qxf5 1-0

[Event "N4 Epernay 1  Echiquier Aubois 1"]
[Site "?"]
[Date "2014.11.16"]
[Round "2"]
[White "Massart, Sylvain"]
[Black "Roussel, jean-Marc"]
[Result "0-1"]
[WhiteElo "1460"]
[BlackElo "1714"]
[PlyCount "70"]
[EventDate "2012.10.14"]
[SourceDate "2014.11.16"]

1. e4 c5 2. Nc3 Nc6 3. Nf3 d6 4. h3 g6 5. Bb5 a6 6. Bxc6+ bxc6 7. d4 Bg7 8. Be3
cxd4 9. Bxd4 e5 10. Be3 Nf6 11. Bg5 h6 12. Bxf6 Bxf6 13. Qe2 O-O 14. g4 Re8 15.
Qe3 Bg7 16. g5 h5 17. h4 d5 18. exd5 cxd5 19. Qd2 Bb7 20. Ne2 d4 21. Neg1 e4
22. O-O-O exf3 23. Nh3 Be4 24. Nf4 Qb6 25. b3 Rac8 26. Nd3 Rc7 27. Rde1 Rce7
28. Rxe4 Rxe4 29. Nf4 Qc5 30. Nxh5 gxh5 31. Rg1 Qc3 32. Qxc3 dxc3 33. Rd1 Re1
34. a4 Bf8 35. g6 Ba3+ 0-1

[Event "La Tour du Roi/BME"]
[Site "?"]
[Date "2014.11.16"]
[Round "2"]
[White "Szylar, Eric"]
[Black "Boillon, Vincent"]
[Result "1-0"]
[WhiteElo "2061"]
[BlackElo "2081"]
[PlyCount "59"]
[EventDate "2014.11.16"]
[SourceDate "2014.11.19"]

1. e4 c5 2. Nf3 d6 3. d4 cxd4 4. Nxd4 Nf6 5. Nc3 g6 6. Be3 Bg7 7. f3 O-O 8. Qd2
Nc6 9. O-O-O d5 10. exd5 Nxd5 11. Nxc6 bxc6 12. Nxd5 cxd5 13. Bh6 e6 14. Bxg7
Kxg7 15. h4 h6 16. h5 g5 17. Kb1 Qf6 18. Bd3 a5 19. c3 Ba6 20. Bc2 Rfc8 21. Qe3
Rab8 22. Rd4 Bc4 23. f4 e5 24. fxe5 Qb6 25. b3 Qc5 26. e6 Re8 27. Qe5+ f6 28.
Qf5 Qf8 29. Qg6+ Kh8 30. Qh7# 1-0

[Event "La Tour du Roi/BME"]
[Site "?"]
[Date "2014.11.16"]
[Round "2"]
[White "Halfaoui, Eddine"]
[Black "Barreaud, S."]
[Result "1-0"]
[WhiteElo "1936"]
[BlackElo "1802"]
[PlyCount "59"]
[EventDate "2014.11.16"]
[SourceDate "2014.11.19"]

1. d4 Nf6 2. Nf3 g6 3. c4 Bg7 4. e3 O-O 5. Nc3 d6 6. Bd3 Nbd7 7. O-O Ne8 8. Re1
e5 9. Qc2 c6 10. b3 f5 11. dxe5 dxe5 12. Bf1 e4 13. Nd4 Ne5 14. Ba3 Rf7 15.
Rad1 Qa5 16. Bb2 a6 17. a3 c5 18. b4 cxb4 19. Nb3 Qc7 20. Nd5 Qb8 21. axb4 b5
22. c5 Be6 23. Nb6 Raa7 24. Nd4 Nc7 25. Nxe6 Nxe6 26. Rd6 Nf8 27. Red1 Ned7 28.
Bxg7 Kxg7 29. Qc3+ Kh6 30. Qh8 1-0

[Event "La Tour du Roi/BME"]
[Site "?"]
[Date "2014.11.16"]
[Round "2"]
[White "Louis, André"]
[Black "Cazzaro, Dorian"]
[Result "1-0"]
[WhiteElo "1682"]
[BlackElo "1746"]
[PlyCount "56"]
[EventDate "2014.11.16"]
[SourceDate "2014.11.19"]

1. e4 c5 2. Nc3 Nc6 3. g3 Nf6 4. Bg2 d6 5. d3 g6 6. f4 Bg7 7. Nf3 O-O 8. O-O
Bg4 9. h3 Bd7 10. Be3 Qc7 11. Bf2 Rac8 12. Re1 b6 13. e5 dxe5 14. fxe5 Ne8 15.
d4 cxd4 16. Nd5 Qd8 17. Nxd4 Nxe5 18. c3 e6 19. Nf4 Qc7 20. a4 Nd6 21. Re2 Rfd8
22. Qe1 Nc6 23. Nb5 Nxb5 24. axb5 Ne7 25. c4 Qxc4 26. Rxa7 Qxb5 27. Rd2 Bxb2
28. Bf1 Qe5 1-0

[Event "La Tour du Roi/BME"]
[Site "?"]
[Date "2014.11.16"]
[Round "2"]
[White "Hacene, Ahmed"]
[Black "Roule, Nicolas"]
[Result "1-0"]
[WhiteElo "1763"]
[BlackElo "1628"]
[PlyCount "59"]
[EventDate "2014.11.16"]
[SourceDate "2014.11.19"]

1. e4 c6 2. d4 d5 3. e5 Bf5 4. f4 e6 5. Nf3 Nd7 6. Bd3 Nh6 7. O-O Be7 8. c3 Qc7
9. Ng5 Bg6 10. h3 f6 11. Nxe6 Qb6 12. f5 Bf7 13. Nxg7+ Kf8 14. Bxh6 Nxe5 15.
Kh1 Qxb2 16. dxe5 Qxa1 17. Qb3 d4 18. e6 (18. Qxb7) 18... Be8 19. Qd1 (19.
Nxe8+) 19... Bd6 20. Nxe8+ Kxe8 21. Qh5+ Kd8 22. Bg7 Rg8 23. Bxf6+ Kc7 24. Qf7+
Kb6 25. Nd2 Qxc3 26. Rb1+ Ka5 27. Nc4+ Ka4 28. Bf1 Qc2 29. Qxb7 a6 30. Qxc6#
1-0

[Event "La Tour du Roi/BME"]
[Site "?"]
[Date "2014.11.16"]
[Round "2"]
[White "Mondeel, Paul"]
[Black "Vega, Emmanuel"]
[Result "0-1"]
[WhiteElo "1531"]
[BlackElo "1738"]
[PlyCount "66"]
[EventDate "2014.11.16"]
[SourceDate "2014.11.19"]

1. Nf3 d6 2. c4 g6 3. g3 Bg7 4. Bg2 Nf6 5. O-O O-O 6. Nc3 e5 7. d3 c6 8. Bd2
Nbd7 9. Rb1 Re8 10. b4 Rb8 11. a4 d5 12. cxd5 cxd5 13. Nb5 e4 14. Ne1 Ne5 15.
d4 Nc4 16. Bf4 Bf5 17. Nc2 Rc8 18. Ne3 Nxe3 19. fxe3 Bf8 20. Nxa7 Rc4 21. Nb5
Qd7 22. Qd2 Rec8 23. Qe1 Qe6 24. h3 Bxh3 25. Bxh3 Qxh3 26. Qf2 Ng4 27. Qg2
Qxg2+ 28. Kxg2 Rc2 29. Kh3 f5 30. Rfe1 Nf2+ 31. Kg2 Nd3 32. Kh3 Nxe1 33. Rxe1
Bxb4 0-1

[Event "N4 - ST Dizier / Reims"]
[Site "?"]
[Date "2014.12.12"]
[Round "?"]
[White "Moret, Floriant"]
[Black "Massart, Jéremy"]
[Result "1/2-1/2"]
[WhiteElo "1935"]
[BlackElo "1880"]
[Annotator ",marc"]
[PlyCount "62"]
[EventDate "2014.11.19"]
[SourceDate "2014.12.12"]

1. e4 Nf6 2. e5 Nd5 3. c4 Nb6 4. d4 d6 5. f4 dxe5 6. fxe5 Nc6 7. Be3 Bf5 8. Nf3
Nb4 9. Na3 e6 10. Be2 Be7 11. O-O O-O 12. Qb3 c6 13. d5 cxd5 14. c5 d4 15. Nxd4
N6d5 16. Nxf5 exf5 17. Rfd1 Qd7 18. Bc4 Rad8 19. Nb5 Qc6 20. Nxa7 Qe6 21. Bd4
Ra8 22. Nb5 Rfd8 23. Nc7 Qc6 24. Nxa8 b5 25. Bxd5 Nxd5 26. Nb6 Nf4 27. Qf3 Qxf3
28. gxf3 Rxd4 29. Nd7 Rc4 30. Kf1 Rc2 31. Rac1 Rxh2 {
suite impossible manque 1 coup} 1/2-1/2

[Event "N4 - ST Dizier / Reims"]
[Site "?"]
[Date "2014.12.12"]
[Round "2.2"]
[White "Magnier, Christophe"]
[Black "Viard, Dominique"]
[Result "0-1"]
[WhiteElo "1825"]
[BlackElo "2005"]
[PlyCount "52"]
[EventDate "2014.11.19"]
[SourceDate "2014.12.12"]

1. e4 c6 2. d4 d5 3. Nc3 dxe4 4. Nxe4 Nd7 5. Bd3 Ngf6 6. Qe2 Nxe4 7. Bxe4 Nf6
8. Bd3 Bg4 9. f3 Bh5 10. Qe5 e6 11. Bg5 Bg6 12. O-O-O Bd6 13. Bxf6 gxf6 14. Qe3
Qa5 15. Kb1 O-O-O 16. Ne2 Rhe8 17. Nc1 e5 18. Nb3 Qb6 19. Bxg6 hxg6 20. Qh6
exd4 21. Rxd4 c5 22. Rd5 c4 23. Na5 Qb4 24. c3 Qa4 25. Qd2 Be7 26. Qc2 Qxc2+
0-1

[Event "N4 - ST Dizier / Reims"]
[Site "?"]
[Date "2014.12.12"]
[Round "2.3"]
[White "Robert-Dehault, Etienne"]
[Black "Caray, Jérome"]
[Result "1-0"]
[WhiteElo "1880"]
[BlackElo "1770"]
[PlyCount "71"]
[EventDate "2014.11.19"]
[SourceDate "2014.12.12"]

1. d4 d5 2. c4 c6 3. Nc3 Nf6 4. Nf3 e6 5. Qc2 Nbd7 6. Bg5 Be7 7. e3 O-O 8. Bd3
a6 9. c5 b6 10. cxb6 h6 11. Bf4 Qxb6 12. O-O Bb7 13. Na4 Qa5 14. Rab1 Nb6 15.
Nc5 Bxc5 16. dxc5 Nbd7 17. b4 Qd8 18. Bd6 Re8 19. Nd2 Kh8 20. e4 dxe4 21. Nxe4
Nxe4 22. Bxe4 Nf6 23. Bf3 Nd5 24. Rfe1 a5 25. bxa5 Ba6 26. Qd2 Bb5 27. h3 Rxa5
28. Be2 Qa8 29. Bxb5 cxb5 30. Rb2 b4 31. c6 Qxc6 32. Bxb4 Rb5 33. a3 Reb8 34.
Re2 Qd7 35. Bc3 Qa7 36. Qxh6+ 1-0